Análisis del uso de propiedades acústicas como método no destructivo para determinar la calidad interna de la piña (Ananas comosus) (L.) Merr Híbrido MD-2
Guardat en:
| Autor principal: | |
|---|---|
| Altres autors: | |
| Format: | Llibre |
| Idioma: | Spanish |
| Publicat: |
[San José, Costa Rica]
2022
|
| Matèries: | |
| Etiquetes: |
Afegir etiqueta
Sense etiquetes, Sigues el primer a etiquetar aquest registre!
|
MARC
| LEADER | 00000nam a2200000Ia 4500 | ||
|---|---|---|---|
| 003 | 013568 | ||
| 005 | 20230413112514.0 | ||
| 008 | 140114s2022 cr a 000 ||spa d | ||
| 040 | |c cru CEDI | ||
| 100 | |a Rodríguez Siles, Edgar Rolando, 1993- |9 398 | ||
| 245 | |a Análisis del uso de propiedades acústicas como método no destructivo para determinar la calidad interna de la piña (Ananas comosus) (L.) Merr Híbrido MD-2 | ||
| 260 | |a [San José, Costa Rica] |c 2022 | ||
| 500 | |a Proyecto de graduación (licenciatura en ingeniería agrícola y de biosistemas)--Universidad de Costa Rica. Facultad de Ingeniería. Escuela de Ingeniería de Biosistemas | ||
| 501 | |a Director de Proyecto de Graduación. Ing. Juan Roberto Mora Chaves. MSc. | ||
| 650 | |x PIÑA - COMERCIO - CALIDAD |x EXPERIMENTOS DE CAMPO (AGRICULTURA) |x PIÑA - PRODUCCION |x PROPIEDADES ACÚSTICAS |x PIÑA - CALIDAD - PRUEBAS | ||
| 700 | |9 189 |a Mora Chaves, Juan Roberto, 1984- |d Director del TFG | ||
| 942 | |c CEDI |h TFG 8719 |6 TFG_8719_000000000000000 | ||
| 999 | |c 22071 |d 22071 | ||
